Aplicacin̤ prc̀tica del Cd̤igo Fiscal 2015

Bibliographic Details
Main Author: Sǹchez Miranda, Arnulfo
Format: eBook
Language:Spanish
Published: Mx̌ico D.F.: Ediciones Fiscales ISEF, 2015
Subjects:
Online Access:Acceso restringido

MARC

LEADER 00000nam a22000007a 4500
005 20150323190923.0
007 cr|||| ||||
008 150323s2015 mx |||||s|||| 00||0 spa d
020 |a 978-368-726-883-3 
035 |a 12631 
040 |a vLex 
090 |c 5377  |d 5377 
100 1 |a Sǹchez Miranda, Arnulfo  
245 1 0 |a Aplicacin̤ prc̀tica del Cd̤igo Fiscal 2015  |h [Recurso electrn̤ico] /  |c Arnulfo Sǹchez Miranda  
256 |a Servicio en ln̕ea 
260 |a Mx̌ico D.F.:  |b Ediciones Fiscales ISEF,  |c 2015 
300 |a 1 recurso electrn̤ico 
506 1 |a Contenido disponible en los productos indicados  |d vLex Global  |d vLex Global (Academic Edition, excluding Law Schools)  |d vLex Global (U.S. Academic Edition, Law Schools)  |d vLex Global (U.S. Academic Edition, excluding Law Schools)  |d vLex Global (Academic Edition, Law Schools) 
650 0 4 |a Derecho fiscal  |z Mx̌ico 
740 0 |a vLex Libros (Servicios en ln̕ea) 
856 4 0 |u http://vlex.com/source/aplicacion-practica-codigo-fiscal-2015-12631  |z Acceso restringido 
942 |c BOOK 
999 0 |a Taxation